| 000 | 00875nac a22002051u 4500 | ||
|---|---|---|---|
| 008 | 100307t2010 xxu||||| |||| 00| 0 eng d | ||
| 020 | _a9780138141813 | ||
| 020 | _a0138141819 | ||
| 082 | 0 | 0 |
_a005.1 _bPFL |
| 100 |
_aPfleeger, Shari Lawren _912288 |
||
| 245 | 1 | 0 |
_aSoftware Engineering : _cShari Lawrence Pfleeger, Joanne M. Atlee _bTheory and Practice / |
| 250 | _a4th ed. | ||
| 260 |
_aUpper Saddle River, N.J. : _bPearson/Prentice Hall, _cc2010. |
||
| 300 |
_a782 p. : _bill. ; _c25 cm. |
||
| 504 | _aIncludes bibliographical references and index. | ||
| 650 | 0 |
_aSoftware engineering. _912289 |
|
| 700 | 1 |
_aAtlee, Joanne M. _912290 |
|
| 942 |
_cBB _k005.1PFL _2ddc |
||
| 999 |
_c13589 _d13589 |
||